Languages Of Lesotho - Statistics

General Stats
  • This quiz has been taken 48 times
  • The average score is 4 of 6
Answer Stats
Status Language % Correct
Official English
100%
Immigrant Afrikaans
90%
Official Sesotho
82%
Minority Zulu
82%
Minority Xhosa
74%
Minority Phuthi
5%
No matching quizzes found
Score Distribution
Percent of People with Each Score
Percentile by Number Answered
Your Score History
You have not taken this quiz